000 00331nam a2200133Ia 4500
008 191201s2009 xx 000 0 und d
082 _a005.133
_bPRP
100 _aPratt, Terrence W
245 0 _aProgramming Language
260 _aN.Delhi
_bPearson Education
_c2009
300 _a590
650 _aB.Tech(CSE)
942 _2ddc
_cBK
_037
999 _c3807
_d3807